Incidents involving warmth [a collection of lesbian feminist love stories] /
Salvato in:
| Autore principale: | |
|---|---|
| Natura: | Libro |
| Lingua: | inglese |
| Pubblicazione: |
London :
Onlywomen Press,
1986
|
| Tags: |
Nessun Tag, puoi essere il primo ad aggiungerne!!
|
MARC
| LEADER | 00000nam a22000007i 4500 | ||
|---|---|---|---|
| 001 | IT\ICCU\UBO\4199331 | ||
| 003 | ItRI | ||
| 005 | 20260115231826.0 | ||
| 008 | 160928s1986 xxk|||||| ||||| |||||c | ||
| 020 | |a 0906500214 | ||
| 040 | |b ita |c importazione bologna sebina | ||
| 041 | 7 | |a eng |2 ISO-639-2 | |
| 100 | 1 | |a Livia, Anna |0 IT\ICCU\UBOV\116345 | |
| 245 | 1 | 0 | |a Incidents involving warmth [a collection of lesbian feminist love stories] / |c by Anna Livia. |
| 260 | |a London : |b Onlywomen Press, |c 1986 | ||
| 300 | |a 172 p. ; |c 20 | ||
| 500 | |a Complemento del titolo sulla cop. | ||
| 942 | |2 ddc |c BK |n 0 | ||
| 952 | |0 0 |1 0 |4 0 |6 L_823_914000000000000_LIV |7 0 |9 13615 |a BO |b BO |d 2026-01-15 |i 18222 |l 0 |o L 823.914 LIV |p BO18222 |r 2026-01-15 23:18:26 |w 2026-01-15 |x [Sebina 5] [1 v.] |y BK |z 1 v. | ||
| 999 | |c 11710 |d 11710 | ||